000 00684nam a2200241Ia 4500
003 OSt
005 20220924123304.0
006 a|||||r|||| 00| 0
007 ta
008 220923b |||||||| |||| 00| 0 tel d
024 _a345215
037 _cTextual
040 _aARTS
_cARTS
_btel
041 _2tel
_atel
082 _aO35,3NSHM,2, K4
100 _aPathaneni Viswanadam Au.
_9192312
245 0 _aKashta Sukhalu
260 _aMummidivaram
_bSrisaila Bramarambika Publications India
_c1964
300 _a195p.
_ccm.
650 _aTELUGU LITERATURE
942 _hO35,3NSHM,2, K4
_cTEXL
_2CC
999 _c415114
_d415114